Catálogo
 En Linea

El Cuplé (1900-1936) / (Registro nro. 42240)

Detalles MARC
000 -CABECERA
campo de control de longitud fija 00496nam a2200181 a 4500
001 - NÚMERO DE CONTROL
campo de control 000042751
005 - FECHA Y HORA DE LA ÚLTIMA TRANSACCIÓN
campo de control 20201002040354.0
008 - DATOS DE LONGITUD FIJA--INFORMACIÓN GENERAL
campo de control de longitud fija 140206s1990 sp ac 000 0 spa d
020 ## - NÚMERO INTERNACIONAL ESTÁNDAR DEL LIBRO
Número Internacional Estándar del Libro 8423919072
040 ## - FUENTE DE LA CATALOGACIÓN
Centro catalogador/agencia de origen DO-SdBNP
Lengua de catalogación spa
Centro/agencia transcriptor BNPHU
082 ## - NÚMERO DE LA CLASIFICACIÓN DECIMAL DEWEY
Número de clasificación xxx
Número de documento/Ítem S161c
100 1# - ENTRADA PRINCIPAL--NOMBRE DE PERSONA
Nombre de persona Salaün, Serge
9 (RLIN) 70074
245 13 - MENCIÓN DE TÍTULO
Título El Cuplé (1900-1936) /
Mención de responsabilidad, etc. Serge Salaün.
260 ## - PUBLICACIÓN, DISTRIBUCIÓN, ETC.
Lugar de publicación, distribución, etc. Madrid :
Nombre del editor, distribuidor, etc. Espasa Calpe,
Fecha de publicación, distribución, etc. 1990.
300 ## - DESCRIPCIÓN FÍSICA
Extensión 362 p. :
Otras características físicas il. ;
Dimensiones 18 cm.
490 1# - MENCIÓN DE SERIE
Mención de serie Austral
Designación de volumen o secuencia 107
830 #0 - PUNTO DE ACCESO ADICIONAL DE SERIE-TÍTULO UNIFORME
Título uniforme Austral
Número de parte o sección de la obra 107
9 (RLIN) 70075
Existencias
Estado de retiro Estado de pérdida Restricciones de uso No para préstamo Código de colección Localización permanente Ubicación/localización actual Ubicación en estantería Fecha de adquisición Número de inventario Total de préstamos Signatura topográfica completa Código de barras Fecha visto por última vez Precio válido a partir de Tipo de ítem Koha
      Excluido de préstamo Monografías: Libros y Folletos General General En catalogación 06.02.2014 LF1   xxx S161c 42751-10 25.06.2020 25.06.2020 No se presta

Con tecnología Koha